MARC

LEADER 00000nam0a2200000 4500
001 58242
005 20231031054916.0
010 |a 5724503085 
035 |a (RuTPU)RU\TPU\book\61498 
090 |a 58242 
100 |a 20031126d1989 km y0rusy50 ca 
101 0 |a rus 
102 |a RU 
105 |a a z 001zy 
200 1 |a Абсорбционные преобразователи теплоты  |f И. И. Орехов, Л. С. Тимофеевский, С. В. Караван 
210 |a Ленинград  |c Химия  |d 1989 
215 |a 207 с.  |c ил. 
225 1 |a Экономия топлива и электроэнергии 
320 |a Библиогр.: с. 174-180 
610 1 |a тепловая энергия 
610 1 |a теплота 
610 1 |a абсорбционные преобразователи 
610 1 |a трансформаторы 
610 1 |a схемы 
610 1 |a действие 
610 1 |a диаграммы 
610 1 |a термодинамический цикл 
610 1 |a применение 
675 |a 621.575  |v 3 
700 1 |a Орехов  |b И. И.  |g Игорь Игнатьевич 
701 1 |a Тимофеевский  |b Л. С.  |g Леонид Сергеевич 
701 1 |a Караван  |b С. В.  |g Светлана Васильевна 
801 1 |a RU  |b 63413507  |c 20031126  |g PSBO 
801 2 |a RU  |b 63413507  |c 20211201  |g PSBO 
942 |c BK